header

Gynaecological ultrasound in clinical practice (Record no. 119386)

MARC details
000 -LEADER
fixed length control field 01359nam a2200325 a 4500
245 00 - TITLE STATEMENT
Title Gynaecological ultrasound in clinical practice
260 ## - PUBLICATION, DISTRIBUTION, ETC. (IMPRINT)
Place of publication London :
Name of publisher RCOG Press,
Year of publication 2009.
300 ## - PHYSICAL DESCRIPTION
Number of Pages xi, 235 p. :
Other physical details ill. (some col.)
650 #0 - SUBJECT ADDED ENTRY--TOPICAL TERM
Topical Term Generative organs, Female
Topical Term Gynecology
Topical Term Ultrasonic imaging.
700 1# - ADDED ENTRY--PERSONAL NAME
Personal name Jurkovic, Davor.
Personal name Valentin, Lil.
Personal name Vyas, Sanjay.
856 40 - ELECTRONIC LOCATION AND ACCESS
Uniform Resource Identifier http://site.ebrary.com/lib/rucke/Doc?id=10511560

No items available.

© 2026 Rongo University
Contact us: librarian | system librarian | Rongo university